000 00956nam a2200313Ia 4500
001 dia_2315
003 CHAP
005 20230531092250.0
008 220117s1966 xx 000 0 und d
010 _a172837
040 _cCHAP
082 _a658.3 G89 1966
100 _aGuzmán Valdivia, Isaac
_952030
245 _aLa ciencia de la administración : la dirección de grupos humanos /
_c Isaac Guzmán Valdivia
260 _aMéxico :
_b Limusa,
_c1966
300 _a238 p.
500 _aEl ejemplar 2 es material fotocopiado.
503 _aC/e
504 _aIncluye bibliografías
590 _aHF5549.5 G89 1966
650 _aAdministración
_9918
650 _aGestión de recursos humanos
_9152561
650 _aHuman resources management
_9152562
650 _aManagement
_9149975
901 _a658.3 G89 1966
902 _aM
905 _a5232271966 mx X 8222223322spa16
942 _cLIBRO
_2ddc
999 _c172837
_d172837